Malgudi dinagalu (Record no. 140427)

MARC details
000 -LEADER
fixed length control field 00642nam a2200229Ia 4500
003 - CONTROL NUMBER IDENTIFIER
control field OSt
005 - DATE AND TIME OF LATEST TRANSACTION
control field 20251118124530.0
008 - FIXED-LENGTH DATA ELEMENTS--GENERAL INFORMATION
fixed length control field 210210b2009 xxu||||| |||| 00| 0 eng d
020 ## - INTERNATIONAL STANDARD BOOK NUMBER
International Standard Book Number 8172865880
040 ## - CATALOGING SOURCE
Transcribing agency AL
041 ## - LANGUAGE CODE
Language code of text/sound track or separate title Kannada
082 ## - DEWEY DECIMAL CLASSIFICATION NUMBER
Classification number K894.301 NARM
100 ## - MAIN ENTRY--PERSONAL NAME
Personal name NARAYAN (R K)
Dates associated with a name ನಾರಾಯಣ್ (ಅರ್ ಕೆ)
9 (RLIN) 246153
245 ## - TITLE STATEMENT
Title Malgudi dinagalu
Remainder of title ಮಾಲ್ಗುಡಿ ದಿನಗಳು
260 ## - PUBLICATION, DISTRIBUTION, ETC.
Place of publication, distribution, etc. Bengaluru
Name of publisher, distributor, etc. Prisam Buks Pri. Li.
Date of publication, distribution, etc. 2009
300 ## - PHYSICAL DESCRIPTION
Extent x,304
650 ## - SUBJECT ADDED ENTRY--TOPICAL TERM
Topical term or geographic name entry element Malgudi
9 (RLIN) 246154
650 ## - SUBJECT ADDED ENTRY--TOPICAL TERM
Topical term or geographic name entry element dinagalu
9 (RLIN) 246155
690 ## - LOCAL SUBJECT ADDED ENTRY--TOPICAL TERM (OCLC, RLIN)
Topical term or geographic name as entry element Kannada Fiction
9 (RLIN) 246156
906 ## - LOCAL DATA ELEMENT F, LDF (RLIN)
a 064195
942 ## - ADDED ENTRY ELEMENTS (KOHA)
Source of classification or shelving scheme Dewey Decimal Classification
Koha item type Book
Holdings
Withdrawn status Lost status Source of classification or shelving scheme Damaged status Not for loan Collection code Home library Current library Shelving location Date acquired Source of acquisition Cost, normal purchase price Total Checkouts Total Renewals Full call number Barcode Date last seen Date last checked out Price effective from Koha item type
    Dewey Decimal Classification     Kannada St Aloysius Library St Aloysius Library   02/17/2021 Athree Book Centre Balmatta, Mangalore-01 120.00 5 1 K894.301 NARM 064195 02/27/2026 02/21/2026 02/17/2021 Book